Ciberseguridad en Colombia / (Registro nro. 4810)

Detalles MARC
000 -LEADER
fixed length control field 01716nam a2200217 4500
001 - CONTROL NUMBER
control field 0000000582
005 - DATE AND TIME OF LATEST TRANSACTION
control field 20250329165448.0
008 - FIXED-LENGTH DATA ELEMENTS--GENERAL INFORMATION
fixed length control field 170718s2020 000 0 eng d
040 ## - CATALOGING SOURCE
Original cataloging agency CO-CtgCURN
Language of cataloging spa
Transcribing agency coctgcurn
082 0# - DEWEY DECIMAL CLASSIFICATION NUMBER
Classification number INS 2020
Item number M372
100 1# - MAIN ENTRY--PERSONAL NAME
Personal name Marsiglia Ramírez, Alvaro.
245 10 - TITLE STATEMENT
Title Ciberseguridad en Colombia /
Statement of responsibility, etc. AlÏvaro Marsiglia Ramírez.
260 ## - PUBLICATION, DISTRIBUTION, ETC.
Place of publication, distribution, etc. Cartagena de Indias :
Name of publisher, distributor, etc. Corporación Universitaria Rafael Nuñez,
Date of publication, distribution, etc. 2020.
300 ## - PHYSICAL DESCRIPTION
Extent 16 hojas.
504 ## - BIBLIOGRAPHY, ETC. NOTE
Bibliography, etc. note Trabajo de grado (Ingeniero de Sistemas). Corporación Universitaria Rafael Nuñez. Facultad de Ingenieria. Ingenieria de Sistemas, 2020.
520 ## - SUMMARY, ETC.
Summary, etc. "El presente artículo tiene como objetivo indagar sobre la ciberseguridad en Colombia y las todas aquellas medidas preventivas que se usan en el país para la protección y preservación de la información de todas las personas, al igual que de las entidades tanto públicas como privadas. El uso de la tecnología en Colombia va en aumento cada día, debido a esto es necesario proteger la integridad de la información, así como las estrategias que adoptan las entidades responsables de proteger y resguardar la información. Además de conocer cuáles son dichas entidades, el rol que ocupa y que estrategias utilizan para la protección de la información"
650 #0 - SUBJECT ADDED ENTRY--TOPICAL TERM
Topical term or geographic name entry element Ingenieria de sistemas
General subdivision Tesis y disertaciones academicas.
856 7# - ELECTRONIC LOCATION AND ACCESS
Uniform Resource Identifier <a href="https://unicurn.sharepoint.com/:b:/s/biblioteca/EbCo8_sibRxBpahGZshTqLoBXLQ6jifpvowBOzo3FVh2eg?e=a9iWgy">https://unicurn.sharepoint.com/:b:/s/biblioteca/EbCo8_sibRxBpahGZshTqLoBXLQ6jifpvowBOzo3FVh2eg?e=a9iWgy</a>
Public note Click aqui para ver el recurso en texto completo
942 ## - ADDED ENTRY ELEMENTS (KOHA)
Classification part INS 2020
Item part M372
Source of classification or shelving scheme Dewey Decimal Classification
Koha item type Trabajos de grado
Existencias
Withdrawn status Lost status Source of classification or shelving scheme Damaged status Not for loan Collection Home library Current library Shelving location Date acquired Source of acquisition Cost, normal purchase price Inventory number Total checkouts Full call number Barcode Date last seen Copy number Price effective from Koha item type
    Dewey Decimal Classification     Trabajos de grado Miguel Henríquez Castañeda Miguel Henríquez Castañeda Trabajo de grado 01/06/2019 El autor 35000.00 023283   INS 2020 M372 023283 01/06/2019 1 01/06/2019 Trabajos de grado